Southville International School and Colleges
Your cart is empty.
  • Cart
  • Lists
    Public lists Eva Luna New books Lux_list list_1
    Your lists Log in to create your own lists
  • Log in to your account
  • Your cookies
  • Search history
Southville International School and Colleges
  • Advanced search
  • Recent comments
  • Most popular
  • Libraries

Log in to your account

Log in with GOOGLE


If you do not have an external account, but do have a local account, you can still log in:

  1. Home
  2. MARC view: Something from nothing :
Normal view MARC view ISBD view

Something from nothing : (Record no. 103238)

[ view plain ]
MARC details
000 -LEADER
fixed length control field 00789nam a2200205 a 4500
005 - DATE AND TIME OF LATEST TRANSACTION
control field 20140412111256.0
008 - FIXED-LENGTH DATA ELEMENTS--GENERAL INFORMATION
fixed length control field 000823s19uu xx 00 eng d
020 ## - INTERNATIONAL STANDARD BOOK NUMBER
International Standard Book Number 0-590-47281-X
050 ## - LIBRARY OF CONGRESS CALL NUMBER
Classification number TR(PS E
Item number So5 1992
100 ## - MAIN ENTRY--PERSONAL NAME
Personal name Gilman, Phoebe
245 ## - TITLE STATEMENT
Title Something from nothing :
Remainder of title adapted from a Jewish folktale /
Statement of responsibility, etc Phoebe Gilma.
260 ## - PUBLICATION, DISTRIBUTION, ETC. (IMPRINT)
Place of publication, distribution, etc New York :
Name of publisher, distributor, etc Scholastic Inc,
Date of publication, distribution, etc 1992.
300 ## - PHYSICAL DESCRIPTION
Extent 1 v. (unp.) ; ill.
500 ## - GENERAL NOTE
General note You'll love this wonderful story adapted from a Jewish folktale.
520 ## - SUMMARY, ETC.
Summary, etc Josephs loves the beautiful blanket his grandfather made for him. But when it gets old and ragged his mom wants to throw it away. Luckily Grandpa has an idea. . .
650 ## - SUBJECT ADDED ENTRY--TOPICAL TERM
Topical term or geographic name as entry element Folktale--Jewish
650 ## - SUBJECT ADDED ENTRY--TOPICAL TERM
Topical term or geographic name as entry element Blankets--Fiction
650 ## - SUBJECT ADDED ENTRY--TOPICAL TERM
Topical term or geographic name as entry element Resourceful
Holdings
Withdrawn status Lost status Damaged status Home library Current library Shelving location Date acquired Source of acquisition Cost, normal purchase price Total Checkouts Full call number Barcode Date last seen Price effective from Koha item type
      Elizalde Library Elizalde Library Teachers Reference Section 08/23/2000   172.00   TR(PS E So5 1992 E4047 04/12/2014 04/12/2014 Books

Something from nothing :

APA

Gilman P., . (1992). Something from nothing. New York: Scholastic Inc.

Chicago

Gilman Phoebe, . 1992. Something from nothing. New York: Scholastic Inc.

Harvard

Gilman P., . (1992). Something from nothing. New York: Scholastic Inc.

MLA

Gilman Phoebe, . Something from nothing. New York: Scholastic Inc. 1992.

  • Place hold
  • Print
  • Cite
  • Add to your cart (remove)
  • Save record
    BIBTEX Dublin Core MARCXML MARC (non-Unicode/MARC-8) MARC (Unicode/UTF-8) MARC (Unicode/UTF-8, Standard) MODS (XML) RIS
  • More searches
    Search for this title in:
    Other Libraries (WorldCat) Other Databases (Google Scholar) Online Stores (Bookfinder.com) Open Library (openlibrary.org)

Exporting to Dublin Core...

SOUTHVILLE LIBRARY

Southville International School and Colleges Library

1281 Tropical Ave. Cor. Luxembourg St., BF Homes International, Las Pinas City

Tel. No. 8256374 / 252358 Loc. 117/146

Powered by Koha